Návrh medzinárodného audítorského štandardu ISA 701 - oznámenie kľúčových audítorských záležitostí v správe nezávislého audítora
Rastúca potreba zabezpečenia transparentnosti a porovnateľnosti účtovných závierok. Rada IAASB pristúpila k procesom revízie a novelizácie štandardov IAASB prestavujúcich profesionálne štandardy usmerňujúce prácu audítora pri audite finančných výkazov. Účelom je dosiahnutie zrozumiteľnosti audítorsk...
Guardado en:
| Autor principal: | |
|---|---|
| Formato: | Capítulo de libro |
| Lenguaje: | eslovaco |
| Materias: | |
| Etiquetas: |
Sin Etiquetas, Sea el primero en etiquetar este registro!
|
MARC
| LEADER | 00000nla a2200000 4500 | ||
|---|---|---|---|
| 001 | 0180622 | ||
| 005 | 20240502073101.3 | ||
| 041 | 0 | |a slo | |
| 044 | |a SK | ||
| 245 | 1 | 0 | |a Návrh medzinárodného audítorského štandardu ISA 701 - oznámenie kľúčových audítorských záležitostí v správe nezávislého audítora |c Veronika Kršíková |
| 520 | |a Rastúca potreba zabezpečenia transparentnosti a porovnateľnosti účtovných závierok. Rada IAASB pristúpila k procesom revízie a novelizácie štandardov IAASB prestavujúcich profesionálne štandardy usmerňujúce prácu audítora pri audite finančných výkazov. Účelom je dosiahnutie zrozumiteľnosti audítorských štandardov a zjednotenie výkonu audítorskej činnosti vo všetkých jurisdikciách sveta. Pozornosť upriamená na návrh nového audítorského štandardu ISA 701 | ||
| 610 | 2 | 0 | |a harmonizácia |
| 610 | 2 | 0 | |a audítorstvo |
| 610 | 2 | 0 | |a závierka účtovná |
| 610 | 2 | 0 | |a štandardy audítorské medzinárodné |
| 100 | 1 | |a Kršíková, Veronika, 1986- | |